Evaluación de proyectos sociales
Uloženo v:
| Hlavní autoři: | , |
|---|---|
| Korporace: | , |
| Médium: | Kniha |
| Jazyk: | španělština |
| Vydáno: |
Buenos Aires
GEL
1988
|
| Témata: | |
| Tagy: |
Přidat tag
Žádné tagy, Buďte první, kdo vytvoří štítek k tomuto záznamu!
|
MARC
| LEADER | 00000nam a2200000 a 4500 | ||
|---|---|---|---|
| 001 | UCX1663 | ||
| 003 | CL-VaPUC | ||
| 008 | 901015e19880000AG |||||||||||||||||spa|d | ||
| 082 | 0 | 4 | |a 361.6 |b COH |2 21 |
| 100 | 0 | |a Cohen, Ernesto |e author |9 317240 | |
| 700 | 0 | |a Franco, Rolando |e author |9 317241 | |
| 110 | 2 | |a ILPES |e author |9 317242 | |
| 710 | 2 | |a Centro Interamericano de Desarrollo Social |e author |9 317243 | |
| 245 | 1 | 0 | |a Evaluación de proyectos sociales |
| 300 | |a 341 p | ||
| 942 | |c BK | ||
| 945 | |d 19901015 00:00:00 | ||
| 260 | |a Buenos Aires |b GEL |c 1988 | ||
| 500 | |a Instituto Latinoamericano y del Caribe de Planificación Económica, Centro Interamericano de Desarrollo Social CIDES-OEA | ||
| 650 | 0 | |a Ciencias sociales |v Investigación |9 307767 | |
| 650 | 7 | |a PROGRAMAS DE ACCION SOCIAL |2 CL-VaPUC |9 307815 | |
| 650 | 0 | |a Política social |9 257588 | |
| 583 | |a last modification |c 20160928 09:26:52 |k Rodrigo Vera | ||
| 999 | |c 222845 |d 222843 | ||
| 952 | |0 0 |1 0 |4 0 |6 361_600000000000000_COH_1988 |7 0 |8 A |9 218104 |a BIBGIM |b BIBGIM |d 2019-11-15 |i 2869543 |o 361.6 COH 1988 |p 2869543 |r 2025-01-15 |w 2019-11-15 |y BK |k SSL | ||